00590naa a2200241 a 450000100080000000500110000800800410001910000170006024500240007726000090010130000140011065000130012465000090013765000120014665000100015865000140016865000100018265000150019265000110020765300120021865300130023077301050024314298492007-07-04 1969 bl --- 0-- u #d1 aJONES, A. S. aRearing young pigs. c1969 ap.961-996 abreeding amilk arearing aswine aCriação aLeite aNutrição aSuíno aDesmame aNutriton tIn: CUTHBERTSON,D.P. Nutrition of animals of agricultural importance. Oxford: Pergamon, 1969. cap.26